000 00640nam a2200229Ia 4500
003 OSt
005 20250730193004.0
008 210423s2008 xx 000 0 und d
020 _a8121906644
040 _cAL
041 _aEnglish
082 _a320
_bAGAR
100 _aAgarwal R C
_987202
245 _aPolitical theory
_b: principles of political science
260 _aNew Delhi
_bResearch and Education Association
_c2008
300 _avi,558
_bPB
365 _b185
_cINR
650 _aPolitical Science
_987203
650 _aPolitical Science
_987203
906 _aPolitical ; principles ; science ; theory:
942 _2ddc
_cBK
999 _c157277
_d157277